01616nam a2200301 a 4500001001000000005001700010008004100027041000800068044000700076084002000083100004500103245009100148260004300239300004700282500013000329500031200459500011800771500001000889546002600899650005200925650005600977650003401033650004501067700005301112700004901165700005001214740005001264BRCA_317220190320204139.0130209s1746----gw-a---###---#000-0ddut-u adut agw a474b.H67c17461 aCervantes Saavedra, Miguel ded1547-161610aDe Voornaamste Gevallen van der Wonderlyken Don QuichotcMiguel de Cervantes Saavedra. aHage (Alemania)bPieter de Hondtc1746 a1 v. (en varias paginaciones)bil.c42 cm. aContenido : Primera parte. Vida de Cervantes por Jacob Campo. Láminas con el texto explicativo. Texto. Segunda parte. Texto aEdición : Door den Beroemden Picart den Romein. En Andere Voornaame Meesters, in XXXI Kunstplaten, na de Uitmuntende Schilderyen van Coypel. In´t Koper Gebragt. Beschreeven op Een´vryen en Vrolyken Trant, Door Jacob Campo Weyerman; en Door den Zelfden met Gedichten ter Verklaaring van Iedere Kunstprint aEjemplar igual al LO-473, pero de menor tamaño. Piel; lomera y cubiertas decoradas con dorados Lúdovik Osterc aQM569 aTexto en : holandés14aNovela españolayÉpoca clásica, 1500-170014aLiteratura españolayÉpoca clásica, 1500-170014aNovela españolaySiglo XVII14aDon Quijote (Personaje ficticio)eNovela1 aPicart Le Romain, Bernardd1673-1733eIlustrador1 aCampo Weyerman, Jacobod1677-1747eTraductor1 aCoypel, Charles-Antoned1694-1752eIlustrador0 aEl Ingenioso Hidalgo Don Quijote de la Mancha